000
00223nam a22000857a 4500
008
170119b xxu||||| |||| 00| 0 eng d
100
_9
2502
_a
Jaising.S.etal.
245
_a
Environmental Education-5
260
_a
New Delhi
_b
APC
_c
2010
999
_c
5569
_d
5569